Шарлатаны у власти, или на пути к новой диктатуре

Bibliographic Details
Main Author: Жириновский В. В. Владимир Вольфович
Language:Russian
Published: Москва, [Б. и.], 1998
Subjects:
Format: Book
KOHA link:https://koha.lib.tpu.ru/cgi-bin/koha/opac-detail.pl?biblionumber=8304

MARC

LEADER 00000nam0a2200000 4500
001 8304
005 20231030181747.0
010 |a 5880890317 
035 |a (RuTPU)RU\TPU\book\8350 
035 |a BOOK00008409 
090 |a 8304 
100 |a 20011209d1998 m y0rusy50 ca 
101 0 |a rus 
102 |a RU 
105 |a y z 000zy 
200 1 |a Шарлатаны у власти, или на пути к новой диктатуре  |f В. В. Жириновский 
210 |a Москва  |d 1998  |c [Б. и.] 
215 |a 63 с. 
610 1 |a политика 
610 1 |a Россия 
610 1 |a политические партии 
610 1 |a ЛДПР 
686 |a Ф69(2)  |v LBC/SL-A  |2 rubbk 
686 |a Ф3(2)6  |v LBC/SL-A  |2 rubbk 
700 1 |a Жириновский  |b В. В.  |g Владимир Вольфович 
801 0 |a RU  |b 63413507  |c 20011209  |g PSBO 
801 2 |a RU  |b 63413507  |c 20051213  |g PSBO 
942 |c BK